Eurovision 2023 Quiz - Statistics

General Stats
  • This quiz has been taken 622 times
    589 since last reset
  • The average score is 48 of 74
Answer Stats
Country Title % Correct
Finland Cha Cha Cha
89%
Sweden Tattoo
87%
Loreen
85%
Austria Who the hell is Edgar?
85%
Israel Unicorn
84%
Albania Duje
83%
United Kingdom I Wrote A Song
80%
Czech Republic My Sister's Crown
80%
Norway Queen of Kings
80%
Poland Solo
80%
Estonia Bridges
79%
Germany Blood & Glitter
78%
Armenia Future Lover
78%
Ukraine Heart of Steel
78%
Käärijä
78%
Blanka
77%
Croatia Mama ŠČ!
77%
Alessandra
76%
Belgium Because of You
76%
Spain Eaea
76%
La Zarra
76%
Australia Promise
76%
Cyprus Break a Broken Heart
75%
Brunette
75%
France Évidemment
75%
Slovenia Carpe Diem
74%
Voyager
74%
Switzerland Watergun
74%
Gustaph
73%
Iceland Power
72%
Lithuania Stay
72%
Mae Muller
71%
Alika
70%
Italy Due vite
70%
Joker Out
70%
Denmark Breaking My Heart
69%
Let 3
69%
Noa Kirel
69%
Vesna
68%
Mimicat
67%
Luke Black
66%
Ireland We Are One
66%
Blanca Paloma
65%
Georgia Echo
64%
Serbia Samo mi se spava
64%
San Marino Like An Animal
63%
Latvia Aijā
62%
Iru
61%
Azerbaijan Tell Me More
61%
Tvorchi
61%
Greece What They Say
61%
Moldova Soarele și Luna
58%
Portugal Ai Coração
57%
Netherlands Burning Daylight
57%
Sudden Lights
56%
Teya & Salena
56%
Reiley
55%
Lord Of The Lost
54%
Marco Mengoni
53%
The Busker
53%
Andrew Lambrou
52%
Malta Dance (Our Own Party)
52%
Diljá
50%
Remo Forrer
48%
Wild Youth
46%
Monika Linkyte
44%
Piqued Jacks
41%
TuralTuranX
41%
Victor Vernicos
39%
Romania D.G.T. (Off and On)
38%
Theodor Andrei
35%
Mia Nicolai & Dion Cooper
30%
Albina & Familja Kelmendi
28%
Pasha Parfeny
23%
No matching quizzes found
Score Distribution
Percent of People with Each Score
Percentile by Number Answered
Your Score History
You have not taken this quiz since the last reset